|
|
|
|
| LEADER |
00705cam a2200193 7i4500 |
| 001 |
0000013198 |
| 005 |
20040114090000.0 |
| 020 |
0 |
0 |
|a 9839999702
|
| 090 |
0 |
0 |
|a M 070.5
|b MAB
|
| 110 |
1 |
0 |
|a Persatuan Penerbit Buku Malaysia
|
| 245 |
0 |
0 |
|a MABOPA-penerbitan buku dan peranan penerbit :
|b Book publishing and the role of the publishers.
|
| 260 |
0 |
0 |
|a Petaling Jaya:
|b Persatuan Penerbit Buku Malaysia,
|c 1994.
|
| 300 |
# |
# |
|a 141 p.
|
| 650 |
0 |
0 |
|a Persatuan Penerbit Buku Malaysia --
|x Publishers and publishing --
|z Malaysia
|
| 650 |
0 |
0 |
|a Book industries and trade --
|z Malaysia
|
| 651 |
0 |
0 |
|a Malaysia
|
| 700 |
0 |
2 |
|a Hasrom Haron
|
| 700 |
0 |
2 |
|a Abdul Manaf Saad
|
| 999 |
|
|
|a 0000007603
|b Book
|c Book
|e Business Information Centre
|